Catálogo
 En Linea

Código de comercio de la República Dominicana / (Registro nro. 38261)

Detalles MARC
000 -CABECERA
campo de control de longitud fija 00440nam a2200145 a 4500
001 - NÚMERO DE CONTROL
campo de control 000038771
005 - FECHA Y HORA DE LA ÚLTIMA TRANSACCIÓN
campo de control 20240402134028.0
008 - DATOS DE LONGITUD FIJA--INFORMACIÓN GENERAL
campo de control de longitud fija 130422s2001 dr 000 0 spa d
040 ## - FUENTE DE LA CATALOGACIÓN
Centro catalogador/agencia de origen DO-SdBNP
Lengua de catalogación spa
Centro/agencia transcriptor BNPHU
100 1# - ENTRADA PRINCIPAL--NOMBRE DE PERSONA
Nombre de persona Potentini Adames, Trajano Vidal‏
9 (RLIN) 73577
245 10 - MENCIÓN DE TÍTULO
Título Código de comercio de la República Dominicana /
Mención de responsabilidad, etc. Trajano Vidal Potentini.
250 ## - MENCIÓN DE EDICIÓN
Mención de edición 3a ed.
260 ## - PUBLICACIÓN, DISTRIBUCIÓN, ETC.
Lugar de publicación, distribución, etc. Moca :
Nombre del editor, distribuidor, etc. Dalis,
Fecha de publicación, distribución, etc. 2001.
300 ## - DESCRIPCIÓN FÍSICA
Extensión 184 p. ;
Dimensiones 17 cm.
Existencias
Estado de retiro Estado de pérdida No para préstamo Código de colección Localización permanente Ubicación/localización actual Ubicación en estantería Fecha de adquisición Número de inventario Total de préstamos Signatura topográfica completa Código de barras Fecha visto por última vez Precio válido a partir de Tipo de ítem Koha
    Excluido de préstamo Patrimonio Dominicano Patrimonio Dominicano Patrimonio Dominicano Depósito 22.04.2013 LF1   38771-10 25.06.2020 25.06.2020 Libro y Folleto Colección Patrimonio Dominicano

Con tecnología Koha